[Event "45th Olympiad 2024"]
[Site "Budapest HUN"]
[Date "2024.09.22"]
[Round "11.22"]
[Board "1"]
[White "Dragnev, Valentin"]
[Black "Kantor, Gergely"]
[Result "1-0"]
[WhiteElo "2556"]
[BlackElo "2537"]
[PlyCount "111"]
[EventDate "2024.09.11"]
[WhiteTeam "Austria"]
[BlackTeam "Hungary C"]
[WhiteTeamCountry "AUT"]

1. e4 e5 2. Nf3 Nc6 3. Bb5 a6 4. Ba4 Nf6 5. Nc3 b5 6. Bb3 Be7 7. a4 b4 8. Nd5 Na5 9. Ba2 Nxd5 10. Bxd5 c6 11. Ba2 d6 12. d4 Qc7 13. dxe5 $146 ({RR} 13. O-O O-O 14. h3 exd4 15. Nxd4 Bf6 16. Bf4 Rd8 17. Rb1 Qb6 18. Be3 c5 19. Ne2 b3 20. cxb3 Be6 21. Nf4 Bxb3 22. Nd5 Bxd1 23. Nxb6 Rab8 24. Rfxd1 Rxb6 25. b4 Nb7 26. Bd5 Rb8 27. bxc5 Nxc5 {1-0 Safarli,E (2598)-Poliannikov,D (2227) USA National op 51st 2020 (2)}) ({RR} 13. h3 O-O 14. O-O Kh8 15. dxe5 dxe5 16. Be3 f5 17. exf5 Bxf5 18. Qe2 Bd6 19. Rad1 Rae8 20. Ng5 b3 21. cxb3 h6 22. Nf3 Rf6 23. Qxa6 c5 24. Qb5 Bd7 25. Qe2 Nc6 26. Bb1 Nd4 27. Bxd4 exd4 {1-0 Mamedov,R (2670)-Dragnev,V (2523) EU-ch blitz Tallinn 2019 (17)}) ({RR} 13. Be3 O-O 14. dxe5 dxe5 15. Nd2 Nb7 16. Qe2 Bc5 17. Bc4 a5 18. Nb3 Bxe3 19. Qxe3 Nd6 20. Be2 f5 21. exf5 Bxf5 22. O-O-O Be6 23. Qxe5 Bd5 24. Bf3 Bxf3 25. gxf3 Ne8 26. Qxc7 Nxc7 27. Rd6 Rxf3 {1-0 Maze,S (2541)-Flear,G (2463) London Classic op 11th 2019 (8)}) 13... dxe5 14. Ng5 O-O 15. Qh5 Bxg5 16. Qxg5 c5 17. Bd5 Bb7 18. Bxb7 Qxb7 19. Qg4 Rad8 20. Be3 Qc6 21. O-O Nc4 22. Bg5 Rd4 23. b3 Rxe4 24. Qf3 f6 25. Rae1 Nd6 26. Be3 f5 27. Rd1 Nb7 28. h3 c4 29. Rd2 h6 30. Rfd1 Rf7 31. Rd5 Qe6 32. Qe2 f4 33. Qf3 Qf5 34. Bb6 Kh7 35. a5 Kg8 36. Kf1 h5 37. Kg1 g6 38. Kf1 Kh7 39. g4 fxg3 40. Qxf5 Rxf5 41. Rd7+ Kh6 42. Rxb7 cxb3 43. cxb3 gxf2 44. h4 Rf8 45. Bc5 Rf3 46. Be7 Rg4 47. Bg5+ Rxg5 48. hxg5+ Kxg5 49. Rxb4 h4 50. Kg2 Rf4 51. Rxf4 Kxf4 52. Kxf2 e4 53. b4 g5 54. b5 e3+ 55. Ke2 axb5 56. a6 1-0

[Event "45th Olympiad 2024"]
[Site "Budapest HUN"]
[Date "2024.09.22"]
[Round "11.22"]
[Board "2"]
[White "Krstulovic, Alex"]
[Black "Ragger, Markus"]
[Result "1-0"]
[WhiteElo "2452"]
[BlackElo "2601"]
[PlyCount "85"]
[EventDate "2024.09.11"]
[WhiteTeam "Hungary C"]
[BlackTeam "Austria"]
[BlackTeamCountry "AUT"]

1. d4 Nf6 2. c4 e6 3. Nc3 d5 4. cxd5 exd5 5. Bg5 c6 6. e3 Bd6 7. Bd3 O-O 8. Nf3 Re8 9. O-O Bg4 10. Qb3 Na6 11. Nd2 Bh5 ({RR} 11... Nb4 12. Bb1 Rb8 13. a3 Na6 14. e4 h6 15. Bh4 Bf4 16. e5 Bxd2 17. exf6 Bg5 18. Bxg5 hxg5 19. fxg7 Kxg7 20. Qc2 Rh8 21. Qd2 Nc7 22. f4 Qd6 23. h3 Bxh3 24. gxh3 Rxh3 25. Qg2 Rbh8 26. Bf5 {½-½ Bluebaum,M (2647)-Dubov,D (2701) Chess.com Speed KO Lose 2024 (1.3)}) 12. Rae1 $146 ({RR} 12. h3 h6 13. Bf4 Bxf4 14. exf4 Qd6 15. g3 Nc7 16. f5 Re3 17. Qc2 Rxg3+ 18. fxg3 Qxg3+ 19. Kh1 Qxh3+ 20. Kg1 Qg3+ 21. Kh1 Re8 22. Nd1 Be2 23. Bxe2 Rxe2 24. Rf2 Re1+ 25. Nf1 Ng4 26. Rb1 Rxd1 {0-1 Pipiras,F (2252)-Radeva,V (2293) TCh-SRB 1st League w 2023 (2.1)}) 12... Bg6 13. Bxg6 hxg6 14. e4 Bxh2+ 15. Kxh2 Ng4+ 16. Kg3 Qxg5 17. f4 Qf6 18. Kxg4 Qxd4 19. Nf3 Qf6 20. exd5 Qf5+ 21. Kg3 Nc5 22. Qc4 Nd3 23. Rxe8+ Rxe8 24. dxc6 bxc6 25. b3 Re3 26. Qd4 Qxf4+ 27. Qxf4 Nxf4 28. Kxf4 Rxc3 29. Rd1 f6 30. Rd7 Rc2 31. Rxa7 Rxg2 32. Nd4 Kh7 33. Nxc6 g5+ 34. Kf3 Rb2 35. Ne7 Rb1 36. Rb7 Rf1+ 37. Kg2 Re1 38. a4 Ra1 39. Nc6 Kg6 40. a5 g4 41. Rb4 Kg5 42. Ra4 Rc1 43. Nd4 1-0

[Event "45th Olympiad 2024"]
[Site "Budapest HUN"]
[Date "2024.09.22"]
[Round "11.22"]
[Board "3"]
[White "Blohberger, Felix"]
[Black "Juhasz, Agoston"]
[Result "1-0"]
[WhiteElo "2520"]
[BlackElo "2427"]
[PlyCount "147"]
[EventDate "2024.09.11"]
[WhiteTeam "Austria"]
[BlackTeam "Hungary C"]
[WhiteTeamCountry "AUT"]

1. Nf3 d5 2. e3 Nf6 3. c4 e6 4. b3 Bd6 5. d4 O-O 6. Bd3 b6 7. O-O ({RR} 7. Qc2 Na6 8. a3 c5 9. Bb2 Bb7 10. Nbd2 cxd4 11. exd4 Rc8 12. O-O Qe7 13. Qd1 Rfd8 14. Qe2 Nb8 15. Rfe1 Nc6 16. b4 dxc4 17. Nxc4 Bf4 18. Rad1 Qc7 19. Nce5 Nxe5 20. dxe5 Nd7 21. Be4 Nf8 {½-½ Hakobyan,M (1995)-Yagupov,I (2290) ch-Moscow Open Superfinal 2024 (7.19)}) 7... Bb7 8. cxd5 exd5 9. Ba3 c5 $146 ({RR} 9... Bxa3 10. Nxa3 Qe7 11. Nb5 c5 12. Rc1 Nbd7 13. Qe2 Ne4 14. Qb2 f5 15. Nc3 f4 16. Rfe1 Ng5 17. Nxg5 Qxg5 18. exf4 Qxf4 19. Bb5 Nf6 20. Ne2 Qh6 21. Ng3 Ng4 22. h3 Nxf2 23. Rc2 Ne4 24. Nxe4 {1-0 Taimanov,M (2500)-Gofshtein,L (2540) Prague 1993 (2)}) 10. Nc3 Re8 11. Rc1 Nbd7 12. Na4 Qe7 13. Bb5 Red8 14. Qe2 Ne4 15. Ba6 Bc6 16. Nc3 Nxc3 17. Rxc3 Nf6 18. Rc2 Bd7 19. h3 Bf5 20. Rcc1 Be4 21. Rfd1 h6 22. Bb2 Rd7 23. Bb5 Rc7 24. dxc5 bxc5 25. Bd3 Bxf3 26. Qxf3 Be5 27. Bxe5 Qxe5 28. Rc2 Rd8 29. Rdc1 Qd6 30. Qf4 Qb6 31. Qa4 Nd7 32. Bf5 Ne5 33. Qf4 Qd6 34. Rd2 Ng6 35. Qxd6 Rxd6 36. Rdc2 Rdc6 37. Bd3 a6 38. Bxg6 fxg6 39. Rd2 Rd7 40. Rcd1 Rcd6 41. Rc1 Rc6 42. e4 d4 43. Rc4 a5 44. f3 Kf7 45. Rdc2 Ke6 46. Ra4 Ke5 47. Rxa5 d3 48. Rd2 Kd4 49. Kf2 c4 50. bxc4 Kxc4 51. Ke3 Rcd6 52. Ra4+ Kc3 53. Ra3+ Kc4 54. h4 g5 55. hxg5 hxg5 56. g4 Rd8 57. Rb3 g6 58. Rb1 Rf6 59. Rc1+ Kb4 60. Rcd1 Rdf8 61. Rf2 Rd6 62. Rxd3 Rxd3+ 63. Kxd3 Kc5 64. Ke3 Kd6 65. Rd2+ Ke5 66. Rd5+ Kf6 67. Rd6+ Kf7 68. a4 Ra8 69. Rd5 Kf6 70. a5 Rb8 71. a6 Rb3+ 72. Rd3 Rb6 73. Ra3 Ke5 74. Ra5+ 1-0

[Event "45th Olympiad 2024"]
[Site "Budapest HUN"]
[Date "2024.09.22"]
[Round "11.22"]
[Board "4"]
[White "Vanczak, Tamas"]
[Black "Baidetskyi, Valentin"]
[Result "1/2-1/2"]
[WhiteElo "2401"]
[BlackElo "2512"]
[PlyCount "95"]
[EventDate "2024.09.11"]
[WhiteTeam "Hungary C"]
[BlackTeam "Austria"]
[BlackTeamCountry "AUT"]

1. e4 e5 2. Nf3 Nc6 3. Bc4 Nf6 4. d3 Be7 5. O-O O-O 6. Re1 d6 7. a4 Be6 8. Bxe6 fxe6 9. a5 ({RR} 9. c3 a5 10. Na3 h6 11. Qb3 Qd7 12. Nc4 b6 13. h3 Rad8 14. Be3 Kh8 15. Rad1 Qe8 16. Na3 Qd7 17. Nb5 Rf7 18. d4 Nxe4 19. Bxh6 d5 20. Bc1 Rdf8 21. dxe5 Qe8 22. Nxc7 Qc8 23. Nxe6 Rxf3 {0-1 Caruana,F (2794)-Dubov,D (2710) World Blitz 2023 (17.3)}) 9... a6 10. c3 Nd7 $146 ({RR} 10... Qd7 11. Nbd2 Rae8 12. d4 exd4 13. cxd4 d5 14. e5 Ne4 15. Nxe4 dxe4 16. Rxe4 Qd5 17. Rg4 Nxa5 18. Bh6 Rf7 19. Rc1 Nc6 20. h4 Kh8 21. Be3 Ref8 22. Ng5 Bxg5 23. hxg5 g6 24. Rc5 Qd7 25. d5 {1-0 Hammer,J (2628)-Moberg,K (2285) SWE-chT 1617 2016 (1.1)}) ({RR} 10... Kh8 11. Nbd2 Nh5 12. Nf1 Qe8 13. d4 exd4 14. cxd4 Nf4 15. Qb3 Nd8 16. Ng3 Qb5 17. Qxb5 axb5 18. Bxf4 Rxf4 19. d5 c6 20. dxe6 g6 21. Nd4 Kg7 22. f3 Rf8 23. Nge2 Kf6 24. Rec1 Ra6 25. Nc2 {0-1 Nasuta,G (2547)-Esipenko,A (2704) Chess.com Classic Play-In 2024 (6.7)}) ({RR} 10... d5 11. Nbd2 Bc5 12. Nb3 Ba7 13. Be3 Bxe3 14. Rxe3 Qd6 15. Re1 Nd7 16. d4 Rf4 17. exd5 exd5 18. dxe5 Ndxe5 19. Nxe5 Nxe5 20. Qh5 Nd3 21. Re2 Raf8 22. Rd1 R4f5 23. Qxf5 Rxf5 24. Rxd3 Re5 25. Nd4 {0-1 Bobadilla Viera,J (2307)-Shirov,A (2658) Pontevedra op 7th 2019 (2)}) ({RR} 10... Qd7 11. Nbd2 h6 12. Nc4 Qe8 13. d4 Qh5 14. h3 Qg6 15. Qe2 Nh5 16. Ra3 Rf7 17. d5 Raf8 18. dxc6 Rxf3 19. cxb7 Rxh3 20. Rb3 Ng3 21. fxg3 Qxg3 22. Bf4 Rxf4 23. b8=Q+ Kh7 {0-1 Lodici,L (2463)-Shyam Prasad Reddy,K (2215) Karlsruhe Grenke op 2019 (2)}) 11. d4 Bf6 12. Be3 Qe8 13. Nbd2 Qf7 14. Qb3 Rfb8 15. Qa4 h6 16. Rad1 d5 17. Nb3 Re8 18. dxe5 Ncxe5 19. Nxe5 Nxe5 20. Nc5 b6 21. Nd3 Nc4 22. axb6 cxb6 23. exd5 exd5 24. Bd4 Rxe1+ 25. Rxe1 b5 26. Qb4 Re8 27. h3 Rxe1+ 28. Nxe1 Qe6 29. Nf3 Be7 30. Bc5 Bxc5 31. Qxc5 Nxb2 32. Nd4 Qe1+ 33. Kh2 Qe5+ 34. g3 Kh7 35. Qc8 Qf6 36. f4 Nc4 37. Ne6 Nd6 38. Qd7 Ne4 39. Qe8 Nd6 40. Qd7 Ne4 41. Qxd5 Nxc3 42. Qd3+ Kg8 43. Qd7 g6 44. Qc8+ Kf7 45. Nd8+ Kg7 46. Ne6+ Kf7 47. Nd8+ Kg7 48. Ne6+ 1/2-1/2

[Event "45th Olympiad 2024"]
[Site "Budapest HUN"]
[Date "2024.09.22"]
[Round "11.23"]
[Board "1"]
[White "Bachmann, Axel"]
[Black "Peralta, Fernando"]
[Result "1-0"]
[WhiteElo "2560"]
[BlackElo "2558"]
[PlyCount "167"]
[EventDate "2024.09.11"]
[WhiteTeam "Paraguay"]
[BlackTeam "Argentina"]
[WhiteTeamCountry "PAR"]
[BlackTeamCountry "ARG"]

1. g3 d5 2. Nf3 Nf6 3. Bg2 e6 4. O-O Be7 5. d3 O-O 6. Nbd2 b6 7. e4 dxe4 8. dxe4 Bb7 9. Qe2 Nc6 10. e5 Nd7 11. Rd1 Qc8 12. h4 ({RR} 12. Nb3 Rd8 13. Bf4 a5 14. a3 a4 15. Nbd4 Nxd4 16. Nxd4 Bxg2 17. Kxg2 Qb7+ 18. Qf3 Qxf3+ 19. Kxf3 Nc5 20. Nc6 Re8 21. Be3 Rac8 22. Bxc5 Bxc5 23. Rd7 b5 24. b4 axb3 25. cxb3 Kf8 26. a4 bxa4 {1-0 Svidler,P (2729)-Rosen,E (2353) Chess24 Banter Blitz Cup 2019 (1.6)}) 12... Rd8 13. Nf1 ({RR} 13. b3 a5 14. Bb2 a4 15. Ne4 axb3 16. axb3 Rxa1 17. Rxa1 h6 18. Bc3 Nc5 19. Ned2 Bf8 20. b4 Nd7 21. b5 Ne7 22. Ne4 Nd5 23. Bd4 Nc5 24. Bxc5 Bxc5 25. Rd1 Be7 26. Nd4 Qa8 27. Qg4 Kf8 {1-0 Ortega,M (2453)-Tchouka,Y (1932) 45th Olympiad 2024 (2.64)}) 13... Nc5 $146 ({RR} 13... Nf8 14. Bg5 Rxd1 15. Rxd1 Qe8 16. c3 Rd8 17. N3d2 Ng6 18. Bxe7 Ngxe7 19. Ne3 Nf5 20. Nxf5 exf5 21. f4 Na5 22. Bxb7 Nxb7 23. Nb3 a5 24. Rxd8 Nxd8 25. Nd4 g6 26. Qb5 Qxb5 27. Nxb5 Ne6 28. Kf2 {1-0 Strikovic,A (2460)-Janosevic,D (2330) Belgrade GMA op 1988}) ({RR} 13... Nf8 14. Bg5 Bxg5 15. hxg5 Ng6 16. c3 Rd5 17. Rxd5 exd5 18. Re1 Qd7 19. e6 fxe6 20. Qxe6+ Qxe6 21. Rxe6 Kf7 22. Re2 Rd8 23. Rd2 Bc8 24. Ne3 Be6 25. b4 Nce7 26. Nd4 c5 27. bxc5 bxc5 28. Nxe6 {1-0 Szabo,L-Dzieciolowski,A Przepiorka Memorial-02 1957 (1)}) ({RR} 13... Nf8 14. Bg5 Bxg5 15. hxg5 Ng6 16. N1h2 Rxd1+ 17. Rxd1 Qe8 18. Ng4 Rd8 19. c3 Rxd1+ 20. Qxd1 Nce7 21. Nd2 Bxg2 22. Kxg2 Qd8 23. Qe2 Nd5 24. Qf3 Ndf4+ 25. gxf4 Nh4+ {0-1 Christoph,M-Capelan,G GER-ch51 (FRG-09) 1970 (5)}) 14. Bf4 Rxd1 15. Rxd1 Qe8 16. c3 a5 17. Nd4 a4 18. Ne3 Rd8 19. h5 h6 20. Ng4 a3 21. b3 Nxd4 22. cxd4 Bxg2 23. Kxg2 Qc6+ 24. f3 Nb7 25. Rc1 Qd7 26. Qa6 c5 27. Qxb6 Rc8 28. Ne3 Nd8 29. Rd1 cxd4 30. Rxd4 Qe8 31. Nc4 Bc5 32. Qa6 Nc6 33. Rd2 Nb4 34. Qxa3 Ra8 35. Qc1 Nxa2 36. Qc2 Nb4 37. Qe4 Nd5 38. Be3 Bxe3 39. Nxe3 Nxe3+ 40. Qxe3 Qc6 41. Qf4 Qb7 42. b4 Rb8 43. Rd4 Qa7 44. Kh3 Qa4 45. Qd2 Qb3 46. Rf4 Qb1 47. Qd7 Rf8 48. Kg4 Qe1 49. Qd6 Qb1 50. Qc5 Qh1 51. Qc4 Qe1 52. Re4 Qd2 53. Rf4 Qe1 54. Qd4 Qb1 55. Re4 Qh1 56. Qd2 Qb1 57. Qe2 Rb8 58. Qc4 Qb2 59. Rd4 Qb1 60. f4 Qf5+ 61. Kh4 Qb1 62. Qc7 Rf8 63. Qb7 Qb2 64. Qe4 Qh2+ 65. Kg4 Qb2 66. Qd3 Rb8 67. b5 Kh8 68. Rd8+ Rxd8 69. Qxd8+ Kh7 70. Qd3+ Kg8 71. Kf3 Qb4 72. Ke2 Qc5 73. Qb3 Qb6 74. Qc4 Qg1 75. Qc8+ Kh7 76. Qc2+ Kg8 77. Qc8+ Kh7 78. Qc6 Qh2+ 79. Kf1 Qxh5 80. Qc2+ g6 81. Kg2 Kg7 82. b6 g5 83. b7 g4 84. Qf2 1-0

[Event "45th Olympiad 2024"]
[Site "Budapest HUN"]
[Date "2024.09.22"]
[Round "11.23"]
[Board "2"]
[White "Krysa, Leandro"]
[Black "Delgado Ramirez, Neuris"]
[Result "1/2-1/2"]
[WhiteElo "2495"]
[BlackElo "2484"]
[PlyCount "67"]
[EventDate "2024.09.11"]
[WhiteTeam "Argentina"]
[BlackTeam "Paraguay"]
[WhiteTeamCountry "ARG"]
[BlackTeamCountry "PAR"]

1. d4 {Dautov,Rustem} Nf6 2. c4 e6 3. Nf3 Bb4+ 4. Bd2 Bxd2+ 5. Qxd2 O-O 6. g3 d5 7. Bg2 c6 8. Qc2 b6 9. O-O Nbd7 10. Nbd2 Bb7 ({RR} 10... c5 11. dxc5 Nxc5 12. b4 Ncd7 13. cxd5 Nxd5 14. Qb2 Qe7 15. Nd4 Bb7 16. Rac1 Rac8 17. Nb5 a6 18. Nc7 N7f6 19. Nxd5 Nxd5 20. Nc4 b5 21. Na5) 11. b4 ({RR} 11. Rfd1 Qe7 12. e4 dxe4 13. Nxe4 c5) ({RR} 11. e4 dxe4 12. Nxe4 Nxe4 13. Qxe4 Nf6 14. Qe3 Qc7 15. c5 Nd5 16. Qe4 Rfd8 17. Rac1 Rac8 18. Rfe1 Nf6 19. Qh4 Qd7 20. a3 Qd5 21. b4 Qb3 22. h3 Rc7 23. Re3 Qb2 24. Rd1 Rcd7 25. Red3 Ba6 {1-0 Podavonov,A (2175)-Liu,K (1904) NY IMC President's Day 2024 (4.7)}) 11... a5 ({RR} 11... dxc4 12. Nxc4) 12. a3 Qe7 ({RR} 12... axb4 13. axb4 Rxa1 ({RR} 13... dxc4 14. Nxc4 c5 ({RR} 14... Qc7 15. e4 Rxa1 16. Rxa1 Ra8 17. Rc1) 15. dxc5 bxc5 16. b5) 14. Rxa1 Qc7 15. e4 dxe4 16. Nxe4 c5 17. Nxf6+ Nxf6 18. dxc5 bxc5 19. b5 Ra8 20. Rxa8+ Bxa8 21. Nd2 Bxg2 22. Kxg2 h6 23. Qd3) 13. Rab1 $146 ({RR} 13. Qb2 Rfb8 14. Rfc1 c5 15. bxc5 bxc5 16. dxc5 Nxc5 17. cxd5 Bxd5 18. Qd4 {½-½ Psakhis,L (2565)-Andersson,U (2640) Rubinstein Memorial 34th 1997 (1)}) ({RR} 13. c5 axb4 14. axb4 bxc5 ({RR} 14... Ba6) 15. dxc5 ({RR} 15. bxc5 e5 16. dxe5 Ng4 17. Nb3 ({RR} 17. e4 Nxc5 18. exd5 cxd5) 17... Ngxe5 18. Nxe5 Nxe5 19. e4 Nc4) 15... Rfb8 ({RR} 15... Ba6 16. Nd4 e5 ({RR} 16... Rfc8 17. Ra5) 17. Nxc6 Qe6 18. Na5 Bxe2 19. Rfe1) 16. e4 ({RR} 16. e3 Ba6 17. Rfb1 e5) ({RR} 16. Nd4) 16... Ba6 17. Rfb1 e5 ({RR} 17... dxe4 18. Nxe4 Nd5 19. Qd2 N7f6 20. Nd6) 18. Ra5 ({RR} 18. exd5 Nxd5) 18... Bb5 19. Rxa8 ({RR} 19. Rba1 Rxa5 20. Rxa5 Be2) 19... Rxa8 20. exd5 Nxd5 ({RR} 20... cxd5 21. Re1) 21. Ne4 N7f6 22. Nd6 ({RR} 22. Nfd2 Ra4) ({RR} 22. Nfg5 h6 23. Nxf6+ Nxf6 24. Ne4 Nxe4 25. Bxe4) 22... e4 23. Ne1 Qe5 ({RR} 23... e3 24. Nxb5 cxb5 25. Nd3) ({RR} 23... Ra3 24. Nxb5 cxb5 25. Qb2 Ra4 26. Nc2) 24. Bxe4 ({RR} 24. Nxb5 cxb5 25. Qd2 Nc3 ({RR} 25... Qc3 26. Qe2 Qa3 27. Nc2 Qd3) 26. Rc1 Nfd5 27. f4 exf3 28. Nxf3 Qe2) 24... Nxe4 25. Qxe4 Qxe4 26. Nxe4 Ra4 {½-½ Dautov,R (2617)-Short,N (2684) Olympiad-35 Bled 2002 (13.2)} {RR} 27. Nd6 Rxb4 28. Rxb4 Nxb4 29. Nf3 Na6 30. Nd4 Ba4 31. Ne4) ({RR} 13. Qb2 Rfb8 14. Rfc1 c5 15. bxc5 bxc5 16. dxc5 Nxc5 17. cxd5 Bxd5 18. Qd4) ({RR} 13. Qb2 Rfe8 14. Rfc1 h6 15. e3 Ra7 16. Ne1 e5 17. cxd5 cxd5 18. bxa5 Rxa5 19. Rc7 Ba8 20. dxe5 Qxe5 21. Qxe5 Nxe5 22. Nef3 Nd3 23. Bf1 Nc5 24. Nd4 Ne6 25. Nxe6 fxe6 26. Nb3 e5 27. Nxa5 bxa5 {1-0 Ghosh,D (2541)-Venkatesh,M (2493) Sukooon Resort Indian rapid 2020 (2.4)}) ({RR} 13. c5 Ba6 14. Rfe1 axb4 15. axb4 Bb5 16. Bf1 Rfc8 17. Ra2 Rab8 18. Ra7 Qd8 19. Rea1 h6 20. Nb1 Bc4 21. Nfd2 b5 22. Nc3 Ne8 23. Bg2 Nc7 24. R1a5 Nf8 {½-½ Babula,V (2571)-Bischoff,K (2559) Bundesliga 0405 2004 (8.4)}) 13... axb4 14. axb4 Ra7 15. c5 Rfa8 16. cxb6 Ra6 17. Rb2 Rxb6 18. Rfb1 Ba6 19. e3 Rab8 20. Bf1 Bxf1 21. Kxf1 Rxb4 22. Rxb4 Rxb4 23. Rxb4 Qxb4 24. Qxc6 h6 25. Qc8+ Qf8 26. Qxf8+ Kxf8 27. h4 Ke7 28. Ke2 h5 29. Ne1 Nb6 30. Nd3 Nc8 31. Ne5 Nd6 32. Nc6+ Kd7 33. Ne5+ Ke7 34. Nc6+ 1/2-1/2

[Event "45th Olympiad 2024"]
[Site "Budapest HUN"]
[Date "2024.09.22"]
[Round "11.23"]
[Board "3"]
[White "Cubas, Jose Fernando"]
[Black "Flores, Diego"]
[Result "0-1"]
[WhiteElo "2417"]
[BlackElo "2546"]
[PlyCount "92"]
[EventDate "2024.09.11"]
[WhiteTeam "Paraguay"]
[BlackTeam "Argentina"]
[WhiteTeamCountry "PAR"]
[BlackTeamCountry "ARG"]

1. e4 c5 2. Nf3 e6 3. d4 cxd4 4. Nxd4 a6 5. a3 Qc7 6. c4 Nf6 7. Nc3 b6 8. Be3 Bb7 9. f3 Be7 10. Rc1 O-O 11. Be2 Re8 ({RR} 11... Rd8 12. O-O Bd6 13. Kh1 Nc6 14. Ndb5 axb5 15. Nxb5 Bxh2 16. Nxc7 Bxc7 17. c5 bxc5 18. Rxc5 d5 19. Rxc6 Bxc6 20. Qc1 Be5 21. f4 Bxb2 22. Qxb2 Nxe4 23. Rc1 Rab8 24. Qe5 Be8 25. Bd3 Rb3 26. Bd4 {1-0 Ivanchuk,V (2779)-Carlsen,M (2815) Amber-blindfold 20th rapid 2011 (5)}) ({RR} 11... d6 12. O-O Nbd7 13. b4 Rac8 14. Kh1 Qb8 15. Rc2 Bd8 16. Qb1 Bc7 17. Rfc1 Rfe8 18. Na4 Qa8 19. Bg1 Nh5 20. Bf1 Nhf6 21. Nb3 Bc6 22. Nc3 Bb7 23. Rd1 Red8 24. a4 Bb8 25. a5 bxa5 26. Nxa5 {1-0 Xu,Y (2495)-Pinero,C (2242) Titled Tue 20th Feb Early 2024 (3)}) 12. Na4 $146 ({RR} 12. Qd2 Nc6 13. b4 Ne5 14. Na4 Rab8 15. O-O Ng6 16. c5 b5 17. Nb2 Rbc8 18. a4 bxa4 19. Nxa4 Rb8 20. Rfd1 Qe5 21. Nb6 Red8 22. Nb3 d5 23. c6 dxe4 24. Bd4 Qc7 25. cxb7 Qxb7 26. Na5 Qxb6 {½-½ Kovacevic,A (2572)-Manolache,M (2495) Cappelle op 30th 2014 (7)}) ({RR} 12. Qd2 Nc6 13. O-O Bd6 14. g3 Nxd4 15. Bxd4 Bxg3 16. f4 Bxf4 17. Rxf4 e5 18. Rxf6 exd4 19. Nd5 Qe5 20. Rf2 Re6 21. Bf3 Rc8 22. Qf4 d6 23. Bg4 Qxf4 24. Nxf4 Rce8 25. Bxe6 fxe6 26. Rd1 e5 {1-0 Flores Rios,M (2482)-Flores,D (2579) American Continental 06th playoff rapid 2009 (3)}) ({RR} 12. Qd2 d6 13. O-O Nbd7 14. b4 Rac8 15. Kh1 Qb8 16. Na4 Bd8 17. Rc2 h5 18. Rb1 Ba8 19. Qc1 Ne5 20. b5 a5 21. Nc6 Nxc6 22. bxc6 Bxc6 23. Nxb6 Bxb6 24. Bxb6 Ba4 25. Rc3 Qa8 26. Qg5 e5 {½-½ Abreu Delgado,A (2473)-Arencibia Rodriguez,W (2549) CUB-ch op Santa Clara 2007 (5)}) ({RR} 12. b4 d6 13. O-O Nbd7 14. Kh1 Rac8 15. Nb3 Qb8 16. Na4 Bc6 17. Nb2 Qa8 18. Bd4 Bd8 19. a4 Bc7 20. a5 e5 21. Bxb6 Nxb6 22. axb6 Bxb6 23. b5 Bb7 24. Qxd6 Be3 25. Ra1 Nh5 26. Nd1 Re6 {½-½ Haast,A (2268)-Flores Rios,M (2481) Cappelle op 29th 2013 (1)}) 12... d6 13. Nb5 axb5 14. cxb5 Qd7 15. Nxb6 Qd8 16. Nxa8 Qa5+ 17. Kf2 Qxa8 18. Qd4 Nbd7 19. b4 e5 20. Qa7 Qxa7 21. Bxa7 Ra8 22. b6 Bd8 23. Rhd1 d5 24. exd5 Nxb6 25. Bxb6 Bxb6+ 26. Ke1 Nxd5 27. Ba6 Bxa6 28. Rxd5 g6 29. a4 e4 30. a5 Bg1 31. b5 exf3 32. gxf3 Bb7 33. Rd7 Bxf3 34. a6 Re8+ 35. Kf1 Bb6 36. Rd6 Be2+ 37. Kg2 Be3 38. Rb1 Re5 39. a7 Rg5+ 40. Kh3 Bxa7 41. b6 Bxb6 42. Rbxb6 Bf1+ 43. Kh4 Rg2 44. Kh3 Kg7 45. Rbc6 Rg1+ 46. Kh4 g5+ 0-1

[Event "45th Olympiad 2024"]
[Site "Budapest HUN"]
[Date "2024.09.22"]
[Round "11.23"]
[Board "4"]
[White "Sosa, Tomas ARG"]
[Black "Latorre, Matias"]
[Result "1-0"]
[WhiteElo "2515"]
[BlackElo "2264"]
[PlyCount "121"]
[EventDate "2024.09.11"]
[WhiteTeam "Argentina"]
[BlackTeam "Paraguay"]
[WhiteTeamCountry "ARG"]
[BlackTeamCountry "PAR"]

1. e4 e6 2. d4 d5 3. Nd2 c5 4. Ngf3 cxd4 5. Nxd4 Nc6 6. Bb5 Bd7 7. Nxc6 bxc6 8. Bd3 Bd6 9. Qe2 Ne7 10. e5 Bc7 11. Nf3 c5 12. c4 Bc6 13. O-O dxc4 14. Bxc4 O-O 15. Bg5 $146 ({RR} 15. Bd3 h6 16. Rd1 Qb8 17. Be3 Bb6 18. Bf4 Ng6 19. Bg3 Qb7 20. Ba6 Qe7 21. Bb5 Bd5 22. Ne1 Rfd8 23. Nc2 Bb7 24. Ne3 Rxd1+ 25. Rxd1 Rd8 26. Rxd8+ Qxd8 27. Qd3 Qxd3 28. Bxd3 Ne7 29. Bb5 Nc6 {1-0 Vavulin,M (2604)-Huzman,A (2552) Moscow Aeroflot op-A 16th 2017 (8)}) ({RR} 15. Be3 Bxf3 16. Qxf3 Bxe5 17. Bxc5 Qc7 18. Bxe7 Qxe7 19. Qe2 Qc7 20. g3 Bxb2 21. Rab1 Bd4 22. Rfc1 Rac8 23. Qe4 Qd6 24. Kg2 g6 25. Rc2 Bb6 26. Bb3 Rxc2 27. Qxc2 Qd7 28. Qe2 Rc8 29. Rd1 Qc6+ {0-1 Niemann,H (2687)-Carlsen,M (2864) Miami FTX Crypto Cup rapid 2022 (2.2)}) 15... Qe8 16. Ne1 Ng6 17. Nd3 Qb8 18. Rfe1 h6 19. Bd2 Rd8 20. Bc3 Bxg2 21. Kxg2 Rxd3 22. Qe4 Rd5 23. Kh1 Qd8 24. Rg1 Rxe5 25. Bxe5 Nxe5 26. Rad1 Qe8 27. Bb5 Qf8 28. Qb7 Bb6 29. f4 Ng6 30. Rd7 Rd8 31. f5 exf5 32. Re1 Rb8 33. Qd5 Ba5 34. Bc4 Bxe1 35. Rxf7 Kh7 36. Rxf8 Rxf8 37. Bd3 Bf2 38. Bxf5 Rf6 39. Qe4 Bd4 40. b4 cxb4 41. Bxg6+ Rxg6 42. Qxd4 a6 43. Qe4 h5 44. Qxb4 Rf6 45. Qe4+ Kh6 46. Qe3+ Kg6 47. Kg2 Kf7 48. Qe5 Rh6 49. Qc7+ Kg8 50. Qc8+ Kh7 51. Qf5+ Rg6+ 52. Kf3 Kh6 53. Qd5 Rf6+ 54. Ke4 Rg6 55. Qg8 Rg4+ 56. Kf3 Rg6 57. Qh8+ Kg5 58. Qh7 Rf6+ 59. Ke4 Rf7 60. Ke5 Rb7 61. h4+ 1-0

[Event "45th Olympiad 2024"]
[Site "Budapest HUN"]
[Date "2024.09.22"]
[Round "11.24"]
[Board "1"]
[White "Keinanen, Toivo"]
[Black "Albornoz Cabrera, Carlos Daniel"]
[Result "1/2-1/2"]
[WhiteElo "2554"]
[BlackElo "2579"]
[PlyCount "63"]
[EventDate "2024.09.11"]
[WhiteTeam "Finland"]
[BlackTeam "Cuba"]
[WhiteTeamCountry "FIN"]
[BlackTeamCountry "CUB"]

1. c4 e6 2. g3 d5 3. Bg2 d4 4. b4 ({RR} 4. Nf3 c5 5. e3 Nc6 6. exd4 cxd4 7. O-O Nf6 8. d3 Bd6 9. Bg5 h6 10. Bxf6 Qxf6 11. Nbd2 Qe7 12. a3 a5 13. Ne4 Bc7 14. b4 axb4 15. axb4 Rxa1 16. Qxa1 Qxb4 17. Rb1 Qe7 18. Nxd4 Nxd4 {½-½ Matlakov,M (2716)-Lupulescu,C (2643) FIDE Chess.com Grand Swiss 2019 (4)}) 4... e5 5. Qa4+ $146 ({RR} 5. a3 h5 6. h4 a5 7. b5 Nh6 8. d3 Ng4 9. Nf3 Be7 10. Nbd2 O-O 11. O-O a4 12. Ne4 Bf5 13. Nh2 Nd7 14. Nxg4 Bxg4 15. f3 Bf5 16. f4 Qc8 17. e3 Nc5 18. Nxc5 Bxc5 19. e4 Bg4 {½-½ Predojevic,B (2626)-Keymer,V (2502) Bundesliga 1819 2018 (15.5)}) ({RR} 5. Bb2 Nd7 6. c5 a5 7. a3 axb4 8. axb4 Rxa1 9. Bxa1 b6 10. c6 Ndf6 11. Nf3 Bd6 12. Qa4 Be6 13. e3 Ne7 14. exd4 e4 15. Ng5 Bc4 16. b5 Bd3 17. Nc3 Ned5 18. Qb3 Be7 19. Ncxe4 Nxe4 {1-0 Haldorsen,B (2419)-Atanasov,A (2417) 1000GM Memorial Day 2024 (5.6)}) ({RR} 5. e3 Nf6 6. Nf3 dxe3 7. fxe3 Nc6 8. O-O Bxb4 9. Bb2 O-O 10. Nxe5 Nxe5 11. Bxe5 Ng4 12. Bb2 Qg5 13. h4 Qg6 14. Nc3 Be6 15. Nd5 Bxd5 16. cxd5 Bd6 17. Qf3 Ne5 18. Bxe5 Bxe5 19. Rab1 Bxg3 {0-1 Keymer,V (2466)-Subelj,J (2327) EU-chT U18 Bad Blankenburg 2018 (4.2)}) ({RR} 5. Bb2 Nf6 6. Nf3 Nbd7 7. Qa4 b5 8. Qa5 Bb7 9. O-O Rb8 10. Rc1 bxc4 11. Rxc4 Bd5 12. Rc2 Rb7 13. Ba3 Qb8 14. Nxe5 Nxe5 15. Bxd5 Rb5 16. Bxf7+ Nxf7 17. Qxc7 Bd6 18. Qxb8+ Rxb8 19. Rc4 Ke7 {0-1 Horvath,R (1872)-Antal,T (2329) HUN-chT U18 Budapest 2012 (1.2)}) 5... c6 6. d3 Nd7 7. Nf3 Ngf6 8. O-O Be7 9. b5 c5 10. e3 O-O 11. Re1 e4 12. dxe4 Nxe4 13. Nbd2 Nc3 14. Qb3 Bf6 15. exd4 cxd4 16. Ba3 Re8 17. Rxe8+ Qxe8 18. Re1 Qd8 19. Bb4 a5 20. Bxc3 Nc5 21. Qa3 dxc3 22. Qxc5 cxd2 23. Rd1 Be6 24. Rxd2 Qc8 25. Qxc8+ Rxc8 26. Bf1 Bxc4 27. Bxc4 Rxc4 28. Rd7 h6 29. Rxb7 Ra4 30. Ra7 Rxa2 31. b6 Rb2 32. Rxa5 1/2-1/2